000 02016nam a2200457 a 4500
001 ebr10733304
003 CaPaEBR
006 m o u
007 cr cn|||||||||
008 120614s2013 njua sb 001 0deng d
010 _z 2012023496
020 _z9780813559698 (hardcover : alk. paper)
020 _z9780813559704 (e-book)
040 _aCaPaEBR
_cCaPaEBR
035 _a(OCoLC)852898567
043 _ae-au---
050 1 4 _aGN50.45.A9
_bL64 2013eb
082 0 4 _a599.909436/130904
_223
100 1 _aLogan, Cheryl A.
245 1 0 _aHormones, heredity, and race
_h[electronic resource] :
_bspectacular failure in interwar Vienna /
_cCheryl A. Logan.
260 _aNew Brunswick, N.J. :
_bRutgers University Press,
_cc2013.
300 _ax, 245 p. :
_bill.
440 0 _aStudies in modern science, technology, and the environment
504 _aIncludes bibliographical references and index.
505 0 _apt. 1. Constructing heredity -- pt. 2. Reform eugenics.
533 _aElectronic reproduction.
_bPalo Alto, Calif. :
_cebrary,
_d2013.
_nAvailable via World Wide Web.
_nAccess may be limited to ebrary affiliated libraries.
600 1 0 _aKammerer, Paul,
_d1880-1926.
600 1 0 _aTandler, Julius,
_d1869-1936.
600 1 0 _aSteinach, Eugen,
_d1861-1944.
650 0 _aPhysical anthropology
_zAustria
_zVienna
_y20th century.
650 0 _aNature and nurture
_zAustria
_zVienna
_y20th century.
650 0 _aEndocrinology
_zAustria
_zVienna
_y20th century.
650 0 _aHeredity
_zAustria
_zVienna
_y20th century.
650 0 _aInheritance of acquired characters
_zAustria
_zVienna
_y20th century.
650 0 _aRejuvenation
_zAustria
_zVienna
_y20th century.
650 0 _aRacism in anthropology
_zAustria
_zVienna
_y20th century.
651 0 _aVienna (Austria)
_xHistory
_y20th century.
655 7 _aElectronic books.
_2local
710 2 _aebrary, Inc.
856 4 0 _uhttp://site.ebrary.com/lib/rucke/Doc?id=10733304
_zAn electronic book accessible through the World Wide Web; click to view
999 _c150959
_d150959